Secrets of China. Season 1. Episode 2, Desperate for love /
China is the most populous country on the planet, home to a complicated society of proud and sometimes secretive people. In this surprising series, Billie J D Porter travels across the country to find out what it's like to grow up there. From the Great Wall to China's megacities and its on...
| Other Authors: | , |
|---|---|
| Format: | Video |
| Language: | English Chinese |
| Language Notes: | In English, with some dialogue in Chinese, with English subtitles. |
| Published: |
London, England :
British Broadcasting Corporation,
2015.
|
| Series: | Academic Video Online
|
| Subjects: | |
| Online Access: | Connect to this streaming video (Alexander Street Press) |
MARC
| Tag | First Indicator | Second Indicator | Subfields |
|---|---|---|---|
| LEADER | 00000cgm a2200000Mi 4500 | ||
| 001 | in00005567521 | ||
| 006 | m o c | ||
| 007 | cr |n||||||||a | ||
| 007 | vz |za|z| | ||
| 008 | 170209s2015 enk055 e o vleng d | ||
| 005 | 20241201231725.8 | ||
| 035 | |a (OCoLC)ocn974276999 | ||
| 040 | |a ALSTP |b eng |e rda |e pn |c ALSTP |d OCLCO |d OCLCF |d OCLCQ |d OCLCO |d CAUOI |d WYU |d UPM |d OCLCO |d OCLCL |d NUI | ||
| 019 | |a 1430835826 |a 1443989389 | ||
| 035 | |a (OCoLC)974276999 |z (OCoLC)1430835826 |z (OCoLC)1443989389 | ||
| 041 | 0 | |a eng |a chi |j eng | |
| 043 | |a a-cc--- | ||
| 049 | |a TXAM | ||
| 245 | 0 | 0 | |a Secrets of China. |n Season 1. |n Episode 2, |p Desperate for love / |c producer/camera, Jane McMullen ; filmed, produced & directed by Claire McFall ; BBC Current Affairs. |
| 246 | 3 | 0 | |a Desperate for love |
| 264 | 1 | |a London, England : |b British Broadcasting Corporation, |c 2015. | |
| 300 | |a 1 online resource (55 min.) | ||
| 306 | |a 005513 | ||
| 336 | |a two-dimensional moving image |b tdi |2 rdacontent | ||
| 337 | |a video |b v |2 rdamedia | ||
| 337 | |a computer |b c |2 rdamedia | ||
| 338 | |a other |b vz |2 rdacarrier | ||
| 338 | |a online resource |b cr |2 rdacarrier | ||
| 347 | |a data file |2 rda | ||
| 490 | 0 | |a Academic Video Online | |
| 500 | |a Title from resource description page (viewed February 09, 2017). | ||
| 511 | 0 | |a Presenter, Billie J D Porter. | |
| 520 | |a China is the most populous country on the planet, home to a complicated society of proud and sometimes secretive people. In this surprising series, Billie J D Porter travels across the country to find out what it's like to grow up there. From the Great Wall to China's megacities and its only tropical island, she discovers how money, marriage and national pride are the cornerstones of Chinese life. Whether visiting one of the world's largest mass-dating events, or watching China's youth pay tribute to the state by raising flags and marching, Billie discovers how China's history has shaped its young people's values, and finds a nation that's unique in ways she could never have expected. | ||
| 546 | |a In English, with some dialogue in Chinese, with English subtitles. | ||
| 650 | 0 | |a Marriage customs and rites |z China. | |
| 650 | 0 | |a Marriage |z China. | |
| 651 | 0 | |a China |x Social conditions. | |
| 650 | 6 | |a Mariage |x Rites et cérémonies |z Chine. | |
| 650 | 6 | |a Mariage |z Chine. | |
| 651 | 6 | |a Chine |x Conditions sociales. | |
| 650 | 7 | |a Marriage. |2 fast |0 (OCoLC)fst01010443 | |
| 650 | 7 | |a Marriage customs and rites. |2 fast |0 (OCoLC)fst01010592 | |
| 650 | 7 | |a Social conditions. |2 fast |0 (OCoLC)fst01919811 | |
| 651 | 7 | |a China. |2 fast |0 (OCoLC)fst01206073 |1 https://id.oclc.org/worldcat/entity/E39PBJcrd4RjtCBk4wfMhTwwG3 | |
| 655 | 7 | |a Documentary television programs. |2 fast |0 (OCoLC)fst01710387 | |
| 655 | 7 | |a Television series. |2 fast |0 (OCoLC)fst01710566 | |
| 655 | 7 | |a Television series. |2 lcgft | |
| 655 | 7 | |a Documentary television programs. |2 lcgft | |
| 655 | 7 | |a Séries télévisées. |2 rvmgf | |
| 655 | 7 | |a Documentaires télévisés. |2 rvmgf | |
| 700 | 1 | |a McMullen, Jane, |e producer. | |
| 700 | 1 | |a McFall, Claire, |e director, |e producer. | |
| 710 | 2 | |a British Broadcasting Corporation, |e production company. | |
| 856 | 4 | 0 | |u http://proxy.library.tamu.edu/login?url=https://www.aspresolver.com/aspresolver.asp?MARC;3366424 |z Connect to this streaming video (Alexander Street Press) |t 0 |
| 955 | |a Alexander Street Press subscription streaming video | ||
| 994 | |a 92 |b TXA | ||
| 999 | f | f | |s 758378b9-df77-47d2-aa6a-6538106f0d6d |i 11681866-383d-41d4-8ab4-52ebe3bf1557 |t 0 |
| 952 | f | f | |a Texas A&M University |b College Station |c Electronic Resources |d Available Online |t 0 |h Library of Congress classification |
| 998 | f | f | |t 0 |l Available Online |